000 00559nam a2200217Ia 4500
008 101110s9999 xx 000 0 und d
041 _aMARATHI
082 _bJR4798
100 _aMarathe L.N.
245 _aTunmche bhagya tumhich ghadava !
260 _c1998
_bRajesh Prakashan, Pune
300 _a1998
365 _b50
520 _aReference Books
546 _aMARATHI
630 _aTunmche bhagya tumhich ghadava !
650 _aReference Books
655 _aReference Books
730 _aTunmche bhagya tumhich ghadava !
942 _cBOOK
999 _c795611
_d795608